Statistiques concernant Les 38 fleurs de Bach

Cliquez ici pour prendre le quiz!

Statistiques générales

  • Ce quiz a été pris 75 fois
  • Le résultat moyen est 18 sur 38

Statistiques - réponses

État émotionnelFleur% Correct
ÉmotivitéChêne
82%
Relationnel difficileHêtre
71%
Manques d'intérêtsOlivier
71%
SolitudeImpatiente
65%
TristessePin sylvestre
65%
ÉmotivitéPommier sauvage
65%
TristesseEau de roche
59%
ÉmotivitéSaule
59%
PeursTremble
59%
SolitudeHottonie
53%
Manques d'intérêtsMarronnier blanc
53%
PeursMarronnier rouge
53%
Manques d'intérêtsMoutarde
53%
Relationnel difficileVigne
53%
DoutesAvoine sauvage
47%
Manques d'intérêtsBourgeon de marronnier
47%
DoutesCharme
47%
Manques d'intérêtsChèvrefeuille
47%
ÉmotivitéÉtoile de Bethléem
47%
PeursHélianthème
47%
ÉmotivitéNoyer
47%
PeursPrunier myrobolan
47%
DoutesAjonc
41%
SolitudeBruyère
41%
Manques d'intérêtsClématite
41%
Manques d'intérêtsÉglantier
41%
ÉmotivitéHoux
41%
TristesseMélèze
41%
PeursMimule
41%
Relationnel difficileVerveine
41%
ÉmotivitéAigremoine
35%
TristesseChâtaigner
35%
TristesseOrme
35%
ÉmotivitéCentaurée
29%
Relationnel difficileChicorée
29%
DoutesGentiane
29%
DoutesGnavelle
29%
DoutesPlumbago
29%

Distribution des résultats

Percentile par nombre de réponses

% des personnes avec chaque résultat

Votre développement - résultats

Vous n’avez pas pris ce quiz